000 00703nam a2200289Ia 4500
005 20260324120917.0
008 008 260324s9999 xx 000 0 eng d
020 _a9781315813875
037 _aEBOOK
040 _aCRL
040 _beng
040 _cCRL
041 _2eng
041 _aeng
084 _qCRL
100 _aManuel London
_91160443
245 4 _aThe Power of Feedback
245 0 _bGiving, Seeking, and Using Feedback for Performance Improvement
260 _bTaylor and Francis
260 _c2014
365 _a
365 _b265
856 _uhttp://www.taylorfrancis.com/books/9781315813875
942 _cEBOOK
999 _c1752228
_d1752228